000 00525cam a2200181 4500500
005 20260329001822.0
041 _afre
042 _adc
100 1 0 _aDuru, Martin
_eauthor
245 0 0 _aDiogène et les cyniques
260 _c2009.
500 _a61
690 _aCynisme
690 _aScandale
690 _aSubversion
786 0 _nPhilosophie magazine | 30 | 6 | 2009-06-01 | p. 39-39 | 1951-1787
856 4 1 _uhttps://shs.cairn.info/magazine-philosophie-magazine-2009-6-page-39?lang=fr&redirect-ssocas=7080
999 _c1808959
_d1808959